| 000 | 00418nam a2200145Ia 4500 | ||
|---|---|---|---|
| 008 | 210210b2003 xxu||||| |||| 00| 0 eng d | ||
| 020 | _a0 07 462452 0 | ||
| 082 | _a658.562 RAJT | ||
| 100 | _aRAJU (S M Sundara). | ||
| 245 | _aTotal quality management: a primer. | ||
| 260 |
_aNew Delhi _bTata McGraw-Hill Publishing Company Ltd. _c2003 |
||
| 300 | _axv,185 | ||
| 690 | _aTotal Quality Management | ||
| 906 | _a061111 | ||
| 999 |
_c107819 _d107819 |
||